000 00563nam a2200217Ia 4500
003 OSt
005 20220928144523.0
006 a|||||r|||| 00| 0
007 ta
008 220927b |||||||| |||| 00| 0 eng d
024 _a71309
037 _cTextual
040 _aSDCL
_cSDCL
_beng
041 _2eng
_aeng
082 _aY73(Q6).5'N7, L9
100 _aAcquaviva S S
_9507968
245 0 _aDecline of the sacred in industrial society.
260 _c1979
942 _hY73(Q6).5'N7, L9
_cTEXL
_2CC
999 _c827489
_d827489